15 Largest Cities in Costa Rica🇨🇷 - Statistics

General Stats
  • This quiz has been taken 20 times
  • The average score is 5 of 15
Answer Stats
Population City % Correct
335k San Jose
100%
31k San Jose
100%
63k Limon
69%
45k Liberia
63%
47k Alajuela
56%
35k Puntarenas
44%
34k San Isidro
31%
39k Paraiso
19%
34k Curridabat
13%
28k Turrialba
13%
55k San Francisco
6%
34k San Vicente
6%
34k San Vicente de Moravia
6%
30k Purral
0%
28k San Miguel
0%
No matching quizzes found
Score Distribution
Percent of People with Each Score
Percentile by Number Answered
Your Score History
You have not taken this quiz